Použití metod a teorie pravděpodobnosti

Salvato in:
Dettagli Bibliografici
Autore principale: Bolotin, Vladimir Vasilievič (Autore)
Natura: Libro
Lingua:ceco
Pubblicazione: Praha : SNTL, 1978
Tags: Aggiungi Tag
Nessun Tag, puoi essere il primo ad aggiungerne!!

MARC

LEADER 00000nam a22000003a 4500
001 stu125497
005 20150617225856.8
008 060905s1978----cs------------------cze-d
040 |a STU  |b slo 
041 0 |a cze 
044 |a cs 
080 |a 519.21 
080 |a 519.873 
080 |a 624.04  |7 stu_us_auth*stu16857 
100 1 |a Bolotin, Vladimir Vasilievič  |4 aut 
245 1 |a Použití metod a teorie pravděpodobnosti 
260 |a Praha :  |b SNTL,  |c 1978 
300 |a 299 s 
996 |b E56468  |c E*56468  |l EE15  |s P  |a 0  |w stu125497_0001